La arquitectura del renacimiento en Italia : estudios
| Main Author: | |
|---|---|
| Format: | Section = Libro |
| Language: | Undetermined Spanish |
| Published: |
Massachusetts
Hermann Blume
1985
|
| Subjects: |
| LEADER | 00500nam a2200181Ia 4500 | ||
|---|---|---|---|
| 008 | 240829s9999 xx 000 0 und d | ||
| 020 | |a 84-7214-323-6 | ||
| 040 | |a BIBLIOTECA-RUSB/ 724.145 L885 | ||
| 041 | |a spa | ||
| 082 | |a 724.145 L885 | ||
| 100 | 1 | |a Lotz, Wolfgang | |
| 245 | 1 | 0 | |a La arquitectura del renacimiento en Italia : estudios |
| 260 | |a Massachusetts |b Hermann Blume |c 1985 | ||
| 300 | |a 223 p. :il. | ||
| 650 | 7 | |a ARQUITECTURA RENACENTISTA-ITALIA | |
| 942 | |c BK |2 ddc | ||
| 991 | |a TEXTO | ||
| 999 | |c 5184 | ||